Rockbands/ -musiker anhand von Emojis erraten - Statistiken

Allgemein
  • Dieses Quiz wurde 124 mal gespielt
  • Das Durchschnittsergebnis liegt bei 15 aus 34
Antwortstatistiken
Hint Antwort % Korrekt
💋 Kiss
93%
🔫🌹 Guns n Roses
85%
👮‍♂️🚔 The Police
81%
👸 Queen
80%
🦂 Scorpions
74%
🫵2️⃣ U2
68%
💀👖 Die toten Hosen
60%
🦍🦍 Gorillaz
60%
🚪🚪 The Doors
60%
🦅🦅 The Eagles
59%
🌽 Korn
57%
🟩📅 Green Day
56%
⤵️🟪 Deep Purple
53%
The Who
51%
👨‍⚕️👨‍⚕️ Die Ärzte
50%
🪲🪲 The Beatles
50%
AC/DC
49%
🧊🥶🐒 Arctic Monkey
45%
👅 Rolling Stones
41%
🏜️🐺 Steppenwolf
38%
👧🐇🕳️⛓️ Alice in Chains
34%
🌴🏜️💧 Oasis
34%
🎃 Smashing Pumpkins
34%
🤴⬛🦇 Ozzy Osbourne
29%
2️⃣🧔‍♂️🧔‍♂️🕶️🕶️🎸🎸 ZZ Top
26%
🔞🔫 Sex Pistols
24%
✈️💥 Led Zeppelin
17%
⬜⏸️ White Stripes
15%
🦪🫙 Pearl Jam
12%
🔄️📉 System of a down
12%
🟦🦪🛐 Blue Öyster Cult
9%
😊➗ Joy Division
8%
🛌 REM
8%
🔊🌲🏡 Soundgarden
7%
Keine übereinstimmenden Quizze gefunden
Verteilung der Resultate
Anzahl Personen mit jedem Resultat
Perzentil nach korrekt beantworteten Fragen
Ihre Resultats-Entwicklung
Sie haben dieses Quiz noch nicht gespielt